000
00259nam a2200097Ia 4500
001
643361
005
20250826153544.0
008
250824s9999 xx 000 0 und d
245
0
_a
ZAMAN YOLCULARI ÇANAKKALE SAVAŞINDA
_c
MUSTAFA ORAKÇI
260
_b
GENÇ TİMAŞ
999
_c
643361
_d
643361